|
|
|
|
| LEADER |
00000cam a2200000 7i4500 |
| 001 |
0000007012 |
| 002 |
000007549 |
| 005 |
20000330.0 |
| 020 |
|
|
|a 9830780155
|
| 090 |
0 |
0 |
|a JF
|b AMR
|
| 100 |
0 |
|
|a Amran Abdullah
|
| 245 |
1 |
0 |
|a Gawai di rumah panjang
|c Amran Abdullah
|
| 260 |
|
|
|a Petaling Jaya :
|b Pustaka Murni ,
|c 1996
|
| 300 |
|
|
|a 35p. :
|b ill. ;
|c 21cm.
|
| 490 |
0 |
|
|a Siri bacaan Bumi Kenyalang
|
| 650 |
0 |
0 |
|a Children's stories, Malay
|
| 999 |
|
|
|a 054470
|b BUKU
|c PINJAMAN
|e PERPUSTAKAAN KOMUNITI CAW KOTA DAMANSARA
|
| 999 |
|
|
|a 054471
|b BUKU
|c PINJAMAN
|e PERPUSTAKAAN KOMUNITI CAW KOTA DAMANSARA
|
| 999 |
|
|
|a 085611
|b BUKU
|c PINJAMAN
|e PERPUSTAKAAN KOMUNITI CAW KOTA DAMANSARA
|